000 00302nam a22001217a 4500
008 160427b xxu||||| |||| 00| 0 eng d
020 _a9780803614529
020 _a100803614527
041 _aeng
080 _a618.2
245 _aPsychiatrica mental health nursing;
_cMary C. Townsend;
942 _2udc
_cBK
999 _c1624
_d1624